Stable isotope geochemistry (Record no. 184609)

MARC details
000 -LEADER
fixed length control field 00436nam a22001817a 4500
020 ## - INTERNATIONAL STANDARD BOOK NUMBER
ISBN 3-540-61126-6
041 ## - LANGUAGE CODE
Language code of text/sound track or separate title eng
082 ## - DEWEY DECIMAL CLASSIFICATION NUMBER
Edition number 23rd.
Classification number 551.9
Item number HOE
100 ## - MAIN ENTRY--AUTHOR NAME
Personal name Hoefs, Jochen
245 ## - TITLE STATEMENT
Title Stable isotope geochemistry
Statement of responsibility, etc Jochen Hoefs
250 ## - EDITION STATEMENT
Edition statement 4th rev. ed.
260 ## - PUBLICATION, DISTRIBUTION, ETC. (IMPRINT)
Place of publication Berlin
Name of publisher Springer
Year of publication 1997
300 ## - PHYSICAL DESCRIPTION
Number of Pages 201p.;
Dimensions 24cm.
650 ## - SUBJECT ADDED ENTRY--TOPICAL TERM
Topical Term Isotope geology
650 ## - SUBJECT ADDED ENTRY--TOPICAL TERM
Topical Term Geochemistry
942 ## - ADDED ENTRY ELEMENTS (KOHA)
Koha item type Books
Holdings
Withdrawn status Lost status Damaged status Collection code Home library Current library Shelving location Date acquired Full call number Accession Number Copy number Koha item type
      ENVIRONMENTAL STUDIES North Eastern Hill University North Eastern Hill University General Stacks 08/04/2026 551.9 HOE 315938 ,3 Books